000 00638nam a2200217Ia 4500
008 101110s9999 xx 000 0 und d
041 _aENGLISH
082 _bSR34995
100 _aSaynekar Shyam M.
245 _aHistory of modern maharashtra 1848-1960 paper-I, option-B (FYBA)
260 _c2010
_bSheth prakashan, Mumbai
300 _a272
365 _b125
520 _aHistory
546 _aENGLISH
630 _aHistory of modern maharashtra 1848-1960 paper-I, option-B (FYBA)
650 _aHistory
655 _aHistory
730 _aHistory of modern maharashtra 1848-1960 paper-I, option-B (FYBA)
942 _cBOOK
999 _c827496
_d827493